000 00654nam a22002177a 4500
005 20240619121247.0
010 _aENG-140639
020 _c750.00
_a9789350356456
035 _aEN-12411
037 _bDBAD
082 _a364.12
100 _aBridges , B.C
_967586
245 _aScientific techniques in criminal investigation/
_cB.C Bridges, August Vollmer [and] M. Monir
250 _a3rd edition
260 _aHaryana
_bUniversal Law Publishing
_c2016
270 _bGurgaon
_e122002
300 _axxiii; 470p. :
_c24cm(Hb)
700 _aVollmer, August
_967584
700 _aMonir , M
_967585
942 _2ddc
_cEN
_h364.12
_mBRI
999 _c203631
_d203631